[Event "AUTO-ADV-4900"]
[Site "http://www.queenalice.com/game.php?id=1864728"]
[Date "2025.10.25"]
[Round "1"]
[White "miguel7"]
[Black "kuntakinte"]
[Result "0-1"]
[WhiteElo "1829"]
[BlackElo "1745"]

1. e4 e5 2. Nf3 d6 3. Bc4 c6 4. Nc3 b5 5. Bb3 Bg4 6. d3 h6 7. a4 b4 8. Na2 c5 9.
h3 Bh5 10. g4 Bg6 11. c3 bxc3 12. Nxc3 Be7 13. Nd5 Qc8 14. Bc4 Nd7 15. h4 h5 16.
Nxe7 Nxe7 17. Ng5 Qb7 18. O-O a6 19. f4 d5 20. exd5 Nxd5 21. fxe5 O-O-O 22. Qb3
N7b6 23. Bd2 hxg4 24. Bxd5 Rxd5 25. Bf4 Rxd3 26. Qa2 g3 27. Nf3 Rxf3 28. a5 Na8
29. Rxf3 Qxf3 30. Rf1 Qg4 31. Qc4 Nc7 32. Qxc5 Qxh4 33. Kg2 Be4+ 34. Rf3 Qh2+
35. Kf1 Qh1+ 36. Ke2 Qxf3+ 37. Kd2 Rh2+ 0-1

[Event "AUTO-ADV-4873"]
[Site "http://www.queenalice.com/game.php?id=1865771"]
[Date "2025.11.19"]
[Round "2"]
[White "maurice916"]
[Black "kuntakinte"]
[Result "1-0"]
[WhiteElo "1830"]
[BlackElo "1758"]

1. Nf3 d5 2. b3 f6 3. d4 c6 4. Bb2 e6 5. e3 b5 6. a4 b4 7. Nbd2 Bb7 8. Bd3 Nd7
9. O-O c5 10. Qe2 a6 11. c4 Bd6 12. cxd5 Bxd5 13. Nc4 Bc7 14. e4 Bc6 15. Rad1
Ne7 16. Bc2 Qc8 17. Rfe1 Ng6 18. d5 exd5 19. exd5+ Kf7 20. dxc6 Nb8 21. Qe4 a5
22. Ng5+ Kg8 23. Nd6 Bxd6 24. Rxd6 Nxc6 25. Rxc6 Qf8 26. Qe6+ Qf7 27. Qxf7# 1-0

[Event "AUTO-INT-3954"]
[Site "http://www.queenalice.com/game.php?id=1866706"]
[Date "2025.12.7"]
[Round "1"]
[White "kuntakinte"]
[Black "Carlos19"]
[Result "1-0"]
[WhiteElo "1733"]
[BlackElo "1697"]

1. e4 e5 2. Nf3 Nc6 3. Bc4 h6 4. O-O Bc5 5. c3 Nf6 6. d3 O-O 7. b4 Bb6 8. b5 Na5
9. Nxe5 Nxc4 10. dxc4 Nxe4 11. Be3 Bxe3 12. fxe3 Qg5 13. Nf3 Qxe3+ 14. Kh1 Nf2+
15. Rxf2 Qxf2 16. Nbd2 Qe3 17. Rc1 c6 18. Qc2 cxb5 19. Re1 Qc5 20. cxb5 Qxb5 21.
c4 Qc6 22. Nd4 Qg6 23. Nf5 d5 24. Ne7+ Kh8 25. Nxg6+ Kg8 26. Nxf8 Kxf8 27. cxd5
f5 28. Qa4 g5 29. Qe8+ Kg7 30. Re7+ Kf6 31. Qf7# 1-0

[Event "AUTO-INT-3954"]
[Site "http://www.queenalice.com/game.php?id=1866707"]
[Date "2025.12.7"]
[Round "1"]
[White "Carlos19"]
[Black "kuntakinte"]
[Result "1-0"]
[WhiteElo "1697"]
[BlackElo "1748"]

1. e4 e5 2. Nf3 d6 3. Bc4 h6 4. d3 Bg4 5. h3 Bh5 6. Nc3 Nf6 7. Nd5 c6 8. Nxf6+
Qxf6 9. g4 Bg6 10. b4 b5 11. Bb3 Qd8 12. h4 Be7 13. g5 h5 14. c4 a6 15. cxb5
axb5 16. Bd2 O-O 17. a4 Nd7 18. axb5 cxb5 19. Bd5 Rb8 20. O-O Nb6 21. Bc6 Nd7
22. Bxd7 Qxd7 23. Qe2 f5 24. exf5 Bxf5 25. d4 e4 26. Nh2 Bg6 27. f3 d5 28. fxe4
dxe4 29. Rxf8+ Bxf8 30. Ra6 Bf7 31. g6 Bd5 32. Qxh5 Bd6 33. Qxd5+ Kh8 34. Rxd6
Qe7 35. Bg5 Qe8 36. Rd8 Rxd8 37. Qxd8 Qxd8 38. Bxd8 e3 39. Kf1 Kg8 40. Ke2 Kf8
41. Nf3 Ke8 42. Bg5 1-0